00393nam a2200169Ia 4500008004000000020001500040041000800055082001600063100002100079245002500100260004700125300001400172650000900186650001000195650000900205650000900214210210b2015 xxu||||| |||| 00| 0 eng d a8172541244 aeng a032.02 SUBS aSUBBURAJ (V V K) aSuras year book 2015 aChennaibSura College of Competitionc2015 aviii,1064 ayear aSuras abook a2015